000 01513nam a22004217a 4500
003 OSt
005 20230518085349.0
008 221006b |||||||| |||| 00| 0 eng d
040 _cBiblioteca Lado V
082 _a701.1
_bS744a
100 _9795
_aSrendni de Birbragher, Celia
_eeditora
_edirectora
245 _aArtNexus/
260 _bAsociación de Revistas Culturales
_c2019
_aCanada
_aAmerica Latina
_aBrasil
300 _c24x30cm
_a119p.
366 _espa
490 _a114
_v18
_x0120 713 X
505 _tJose Davila
505 _tLa Bienal de Venecia de 2019
505 _tAdan Vallecillo
505 _tLa Bienal de Whitney de 2019
505 _tDiego Bianchi
505 _tFotografia
_aNuevos Fotolibros Colombianos
505 _tExposiciones
_aLimal de Leandro Erlich Beatriz Gonzalez Artur Lescher
505 _tCrónicas Individuales
505 _tColectivas
505 _tGuía de Galerías y Museos
505 _tReseña de libros
505 _tLIbros y Catalogos
505 _tLibros para la Venta
650 _2Tesauro de Arte & Arquitectura
_aARTE
_9703
650 _2Tesauro de Arte & Arquitectura
_aEXPOSICIONES
650 _2Tesauro de Arte & Arquitectura
_aBIENAL
650 _2Tesauro de Arte & Arquitectura
_aAPRECIACION
650 _2Tesauro de Arte & Arquitectura
_aTEORIA
650 _2Tesauro de Arte & Arquitectura
_aCRITICA
650 _2Tesauro de Arte & Arquitectura
_aFOTOGRAFIA
_9702
942 _2ddc
_c1
_h701.1
_iS744a
_n0
999 _c3611
_d3611